000 00628nam a2200217Ia 4500
005 20241129120150.0
008 241129s9999||||xx |||||||||||||| ||und||
020 _a9780367457419
037 _aTB
040 _aSDCL
_beng
_cSDCL
041 _aeng
_2eng
084 _aR4:(X), R4
_qSDCL
100 _aJosephson Anna; Michler Jeffrey D.
_9729312
245 0 _aResearch ethics in applied economics: A practical guide
260 _aLondon
_bRoutledge
_c2024
300 _axviii,378p.
365 _aGBP
_b39.99
650 _aBusiness Economics and Finance
942 _cTB
_hR4:(X), R4
999 _c1233623
_d1233623